Normal view
MARC view
- الآثار -الحضارات القديمة-التاريخ القديم-الزرقاء
Entry Topical Term
001 - CONTROL NUMBER
- control field: 63674
003 - CONTROL NUMBER IDENTIFIER
- control field: JO-AjAnu
005 - DATE AND TIME OF LATEST TRANSACTION
- control field: 20230606084406.0
008 - FIXED-LENGTH DATA ELEMENTS
- fixed length control field: 230606|| aca||aabn | a|a d
040 ## - CATALOGING SOURCE
- Original cataloging agency: JO-AjAnu
- Transcribing agency: JO-AjAnu
150 ## - HEADING--TOPICAL TERM
- Topical term or geographic name entry element: الآثار -الحضارات القديمة-التاريخ القديم-الزرقاء
670 ## - SOURCE DATA FOUND
- Source citation: Work cat.: (JO-AjAnu)32463: تاليف وهيب، محمد, author 63673, اكتشافات الآثار: التراث والسياسة في محافظة الزرقاء